000 00566nam a2200181Ia 4500
003 GCL
008 140319s9999 xx 000 0 ara d
040 _aGCL /
_cGCL
082 0 4 _a928.1
_bل ا
100 1 _aلوسى يعقوب
245 1 0 _aالاسرة التيمورية والادب العربى /
_cلوسى يعقوب
260 _aالقاهرة :
_bمكتبة الاداب ،
_c1993
300 _a154 ص ؛
_c19 سم
490 _aكتاب
_v0
650 0 4 _aالتراجم الادبية
650 0 4 _aالادباء المصريون
942 _2ddc
_cBK
999 _c38574
_d38574